• 首页
  • 本馆介绍
  • 公告通知
  • 最新文献
  • 馆藏检索
  • 电子资源
  • 读者导购
  • 参考咨询
  • 我的图书馆
  • 登录
  • 详细信息显示
  • 放入我的书架
  • 预约/预借图书
  • 作者相关作品
  • 分类相关作品
  • 丛书相关作品
  • 出版社相关作品

书目信息

  • 表格格式
  • 工作单格式
  • 卡片格式
题名:
衰败前的美利坚帝国
    
 
作者: 费恩 著 ;牟舣 译
分册:  
出版信息: 北京   社会科学文献出版社  2018.06
页数: 193页
开本: 25cm
丛书名: 中美人文交流系列丛书
单 册:
中图分类: D871.20
科图分类:
主题词: 美国对外政策--mei guo dui wai zheng ce--研究
电子资源:
ISBN: 978-7-5201-2410-2
000 01302nam 2200301 450
001 CAL 0120182504484
005 20180705175958.6
010    @a978-7-5201-2410-2@b精装@dCNY58.00
100    @a20180703d2018 em y0chiy50 ea
101 1  @achi@ceng
102    @aCN@b110000
105    @ay z 000yy
106    @ar
200 1  @a衰败前的美利坚帝国@Ashuai bai qian de mei li jian di guo@f(美) 布鲁斯·费恩著@d= American empire before the fall@fBruce Fein@g牟舣译@zeng
210    @a北京@c社会科学文献出版社@d2018.06
215    @a193页@c@d25cm
225 2  @a中美人文交流系列丛书@Azhong mei ren wen jiao liu xi lie cong shu
314    @a(美) 布鲁斯·费恩, 享誉美国和世界的宪事律师、学者、政论家。牟舣, 北京大学国际关系学院博士研究生。
330    @a本书对世界历史和美国对外政策作了一番引人入胜的回顾, 作者借此告诫美国意欲长久兴盛, 务必要收起全球野心。全面审视了历史上的世界大国所犯下的错误, 对于任何一个大国而言, 这都是避免重蹈覆辙的绝好机会。
410  0 @12001 @a中美人文交流系列丛书
500 10 @aAmerican empire before the fall@mChinese
606 0  @a美国对外政策@Amei guo dui wai zheng ce@x研究
690    @aD871.20@v5
701  1 @a费恩@Afei en@g(Fein, Bruce)@4著
702  0 @a牟舣@Amou yi@4译
801  0 @aCN@b人天书店@c20180703@g
905    @aBZT@dD871.20@e3
906    @dCNY58.00@n3@r1
    
    衰败前的美利坚帝国/(美) 布鲁斯·费恩著= American empire before the fall/Bruce Fein/牟舣译.-北京:社会科学文献出版社,2018.06
    193页;25cm.-(中美人文交流系列丛书)
    
    
    ISBN 978-7-5201-2410-2(精装):CNY58.00
    本书对世界历史和美国对外政策作了一番引人入胜的回顾, 作者借此告诫美国意欲长久兴盛, 务必要收起全球野心。全面审视了历史上的世界大国所犯下的错误, 对于任何一个大国而言, 这都是避免重蹈覆辙的绝好机会。
●
相关链接 在五车中查询图书 在当当中查询图书 在豆瓣中查询图书


正题名:衰败前的美利坚帝国     索取号:D871.20/3         预约/预借

序号 登录号 条形码 馆藏地/架位号 状态 备注
1 849576   2000849576   第二书库/ [索取号:D871.20/3] 在馆    
2 849577   2000849577   第二书库/ [索取号:D871.20/3] 在馆    
3 849578   2000849578   第二书库/ [索取号:D871.20/3] 在馆    
山东省滨州职业学院图书馆 欢迎您!
大连网信软件有限公司© 版权所有